000 00556nam a2200229Ia 4500
003 OSt
005 20221005114430.0
006 a|||||r|||| 00| 0
007 ta
008 221004b |||||||| |||| 00| 0 mal d
024 _a55685
037 _cTextual
040 _aCRL
_cCRL
_bmal
041 _2mal
_amal
082 _aO32,1NCJ,1, H3
100 _aJoseph
_9517747
245 0 _aAsru dhara
260 _c1943
650 _aMALAYALAM POETRY
_9185636
942 _hO32,1NCJ,1, H3
_cTEXL
_2cc
999 _c1031329
_d1031329